000 01690cam a22003978a 4500
005 20260322212005.0
008 data
010 _a 2007021961
020 _a9780312358334
020 _a0312358334
040 _aDLC
_cDLC
_dDLC
050 0 0 _aPS3566.E6948
_bA66 2007b
082 0 0 _a813/.54
_222
100 1 _aPerrotta, Tom,
_d1961-
245 1 4 _aThe abstinence teacher /
_cTom Perrotta.
250 _a1st ed.
260 _aNew York :
_bSt. Martin's Press,
_c2007.
263 _a0710
300 _ap. cm.
650 0 _aSex educators
_vFiction.
650 0 _aSoccer coaches
_vFiction.
650 0 _aEvangelists
_vFiction.
650 0 _aDivorced parents
_vFiction.
650 0 _aCulture conflict
_vFiction.
650 0 _aInterpersonal relations
_vFiction.
650 0 _aSuburban life
_vFiction.
655 0 _aDomestic fiction.
856 4 2 _3Contributor biographical information
_uhttp://www.loc.gov/catdir/enhancements/fy0740/2007021961-b.html
856 4 2 _3Publisher description
_uhttp://www.loc.gov/catdir/enhancements/fy0743/2007021961-d.html
856 4 1 _3Sample text
_uhttp://www.loc.gov/catdir/enhancements/fy0804/2007021961-s.html
906 _a7
_brix
_corignew
_d1
_eecip
_f20
_gy-gencatlg
925 0 _aacquire
_b2 shelf copies
_xpolicy default
_eto CAD 2010-10-19
_eclaim2 2010-06-16
_eto CAD 2010-10-19
963 _aLauren Hougen; phone: 646-307-5684; email: [email protected]; bc: [email protected]
001 data
999 _c83
_d83